000 00831nam a2200229 a 4500
001 63668
003 BD-RjUL
005 20211209081224.0
008 170202s2008 bg ||||| |||| 00| 0 ben d
020 _a9844523401
_c: TK 190.00
035 _a(BD-RjUL)63797
040 _aBD-RjUL
_bben
_cBD-RjUL
041 _aben
082 _223
_a891.444
_bCHA 2008
100 _aচৌধুরী, মাহবুব উল আলম
_9188670
245 1 0 _aআলোর সন্ধানে দেশ /
_cমাহবুব উল আলম চৌধুরী
260 _aঢাকা :
_bপালক পাবলিশার্স,
_c২০০৮
300 _a১২২ পৃ. ;
_c২১ সেমি.
650 _aবাংলা প্রবন্ধ
_9170454
650 _aBengali Essays
_9170481
942 _2ddc
_cBK
999 _c63668
_d63668